| 000 | 01984nam a2200229Ia 4500 | ||
|---|---|---|---|
| 999 |
_c41136 _d41136 |
||
| 003 | OSt | ||
| 005 | 20210421130606.0 | ||
| 008 | 160316s1915 xxu||||| |||| 00| 0 eng d | ||
| 020 | _a9781886363250 | ||
| 040 | _cnls | ||
| 082 |
_a340.100000 _bJHE |
||
| 100 | _aJhering Rudolph Von | ||
| 245 | _aThe struggle for law | ||
| 260 |
_aChicago _bCallaghan & Company _c1915 |
||
| 300 |
_a138p _cxliii |
||
| 365 | _b Rs. 657 | ||
| 505 | _aJhering, Rudolph von. The Struggle for Law. Translated from the Fifth German Edition by John J. Lalor. Second Edition, with an Introduction by Albert Kocourek. Chicago: Callaghan and Company, 1915. lii, 138 pp. Reprinted 1997 by The Lawbook Exchange, Ltd. ISBN-13: 9781886363250. ISBN-10: 1886363250. Hardcover. New. $75. * Reprint of the second English edition (1915). First published in German in 1872 as Der Kampf ums Recht, the work attracted wide attention and was reissued in several revised editions and translated into a dozen foreign languages. This translation serves as the second part to follow Law as Means to an End, which is also available as a Lawbook Exchange reprint. The author was a renowned scholar of Roman law who wrote in a lively style. One legal historian called him "the Mark Twain of German jurisprudence." In this essay he discusses what the law is and how the law changes. It is a classic in the perennial struggle to make the law a means for achieving social change. Synopsis Originally published in 1915. This volume from the Cornell University Library's print collections was scanned on an APT BookScan and converted to JPG 2000 format by Kirtas Technologies. All titles scanned cover to cover and pages may include marks notations and other marginalia present in the original volume. | ||
| 650 | _a1. Jurisprudence - Law - Philosophical Concept2. Justice - Jews In Literature | ||
| 700 |
_a _a |
||
| 856 | _uhttps://ia800203.us.archive.org/19/items/cu31924021172832/cu31924021172832.pdf | ||
| 942 |
_2ddc _cBK |
||